| 000 | 00703nam a22002417a 4500 | ||
|---|---|---|---|
| 999 |
_c132975 _d132975 |
||
| 003 | 0 | ||
| 005 | 20181023171215.0 | ||
| 008 | 0 | ||
| 010 | _aB-164052 | ||
| 020 |
_c240.00 _a8183330444 |
||
| 035 | _aB-164052, B-164055, B-164076 | ||
| 037 | _bCen Lib/Ret | ||
| 040 |
_aDPL _bEN _c0 |
||
| 082 |
_a005.754 _bBAY |
||
| 100 |
_aBayross, Ivan _91086 |
||
| 245 |
_aOracle 10g : _cby Ivan Bayross _bthe database with HTMLDB / |
||
| 260 |
_aNew Delhi _bBPB Publications _c2005 |
||
| 270 |
_aB-14, Connaught Place _bNew Delhi _e110001 |
||
| 300 |
_avii,333p. : _c23cm(Hb) _bill. |
||
| 650 |
_aHTML -- Database _936358 |
||
| 650 |
_aOracle--Database _974549 |
||
| 942 |
_2ddc _cEN _h005.754 _mBAY |
||